Refractive index of natural rubber for different wave lengths (Record no. 66612)

MARC details
000 -LEADER
fixed length control field 00413nam a2200133Ia 4500
100 ## - MAIN ENTRY--AUTHOR NAME
Personal name Wood L A
245 #0 - TITLE STATEMENT
Title Refractive index of natural rubber for different wave lengths
260 ## - PUBLICATION, DISTRIBUTION, ETC. (IMPRINT)
Name of publisher Proceedings of the 2nd Rubber Technology Conference, London, 1948; p142-151
650 ## - SUBJECT ADDED ENTRY--TOPICAL TERM
Topical Term Natural rubber
650 ## - SUBJECT ADDED ENTRY--TOPICAL TERM
Topical Term Refractive index
700 ## - ADDED ENTRY--PERSONAL NAME
Personal name Tilton L W
942 ## - ADDED ENTRY ELEMENTS (KOHA)
Koha item type Journals
Holdings
Withdrawn status Lost status Damaged status Not for loan Home library Current library Shelving location Date acquired Koha item type
      Journals RRII Library RRII Library Rubber chemistry 17/12/2021 Journals